000 00292nam a22001337a 4500
008 181023b xxu||||| |||| 00| 0 eng d
020 _a9780781795180
041 _aeng
080 _a610.73
100 _a2
101 _aINF
245 _aClinical Nursing Skills
_cLynn, P
942 _2udc
_cBK
999 _c50622
_d50622